000 00365nam a2200157Ia 4500
003 OSt
005 20240123161844.0
008 170523s9999 xx 000 0 und d
020 _a978-0074620946
040 _ciimt university meerut
100 _aBURTON- GENE
245 0 _aMANAGEMENT TODAY
260 _bDELHI TATA MC GRAW HILL
260 _c1995
942 _2ddc
_c02
999 _c78
_d78